The Lahore darbar (Record no. 136589)

MARC details
000 -LEADER
fixed length control field 00770nam a22002057a 4500
010 ## - LIBRARY OF CONGRESS CONTROL NUMBER
LC control number 317921
035 ## - SYSTEM CONTROL NUMBER
System control number 317921
037 ## - SOURCE OF ACQUISITION
Source of stock number/acquisition Cen Lib / Ret
040 ## - CATALOGING SOURCE
Original cataloging agency DPL
Language of cataloging EN
082 ## - DEWEY DECIMAL CLASSIFICATION NUMBER
Classification number 954.084
Item number SET
100 ## - MAIN ENTRY--PERSONAL NAME
Personal name Sethi, R. R.
245 ## - TITLE STATEMENT
Title The Lahore darbar
Remainder of title in the light of the correspondence of Sri C. M. Wade, 1823-1840 /
Statement of responsibility, etc by R R Sethi [and] C M Wade
260 ## - PUBLICATION, DISTRIBUTION, ETC. (IMPRINT)
Place of publication, distribution, etc Punjab
Name of publisher, distributor, etc Punjab Government Record Office
Date of publication, distribution, etc 1950
270 ## - ADDRESS
Address Punjab Government Record Office
City Punjab
300 ## - PHYSICAL DESCRIPTION
Extent x, 404p
Other physical details 24cm(HB)
490 ## - SERIES STATEMENT
Series statement Punjab Government Record Office publications, monograph
Volume number/sequential designation no. 1.
650 ## - SUBJECT ADDED ENTRY--TOPICAL TERM
Topical term or geographic name as entry element Punjab (India) -- History -- 19th century -- Sources.
650 ## - SUBJECT ADDED ENTRY--TOPICAL TERM
Topical term or geographic name as entry element British -- India -- Punjab -- History -- 19th century -- Sources.
942 ## - ADDED ENTRY ELEMENTS (KOHA)
Source of classification or shelving scheme Dewey Decimal Classification
Koha item type English Books
Call number prefix 954.084
Call number suffix SET
Holdings
Withdrawn status Lost status Source of classification or shelving scheme Damaged status Not for loan Home library Current library Date acquired Source of acquisition Cost, normal purchase price Total Checkouts Full call number Barcode Date last seen Price effective from Koha item type Public note
Written off   Dewey Decimal Classification     Central Library Central Library 05/03/2016 Cen Lib/Ret 8.40   954.084 SET 317921 05/03/2016 05/03/2016 English Books Written off on approval by DLB (By Circulation); dtd 15-06-2023

© Delhi Public Library
Hit Counter
free hit counter